000 00671nam a2200241 i 4500
001 bg
100 1 _aSpyra, Zbigniew.
245 1 0 _aKanały dystrybucji - kształtowanie relacji /
_cZbigniew Spyra.
250 _aWyd. 2.
260 _aWarszawa :
_bCeDeWu,
_c2008.
300 _a279 s. :
_bil. ;
_c24 cm.
504 _aBibliogr. s. 269-279.
650 9 _aHandel
_xorganizacja
020 _a9788375560268
040 _cBPK
041 _apol
044 _aPOL
080 _a658.8
920 _a978-83-7556-026-8
942 _cKS
008 s pl f |000 0 pol
999 _c55758
_d55758
856 _uhttp://koha.tu.koszalin.pl/cgi-bin/koha/opac-detail.pl?biblionumber=55758
_yKatalog online BPK